000 00771nam a22001337a 4500
040 _cRUA
082 _aVEM MEA 2015 B533 Or.1
100 _aMEAN SENITH; មាន សិនិត
245 _aEffectiveness of ivermectin and levamisole on the gastrointestinal parasite in pigs at top sokleang in donkor district, phnom penh ; ប្រសិទ្ធភាពIvermectin និង levamisole លើវត្តមានបរាសិត​ក្នុងក្រពះពោះវៀនជ្រូកនៅកសិដ្ឋាន តុប​ សុខលាង ស្ថិតនៅខណ្ឌដង្កោ រាជធានីភ្នំពេញ
260 _aPHNOM PENH
_bMEA
_c2015
300 _ax;47p.
_bill.
_c29cm.
856 _uMEAN SENITH
942 _cVEM
999 _c10912
_d10912